000 00393nam a2200133Ia 4500
005 20260328104324.0
008 260328s9999||||xx |||||||||||||| ||und||
100 _aSpellman, Catherine
245 0 _aPeter Smithson. Conversaciones con Estudiantes un Espacio Para Nuestra Generación. /
_cCatherine Spellman
260 _bGustavo Gili
300 _a88 p.
650 _aARQUITECTOS
942 _cBK
999 _c11458
_d11458